000
00226 a2200097 4500
001
18241
100
_a
Bertin, Leon
245
_a
The new larousse encyclopedia of the earth
260
_a
_b
Hamlyn Ltd
_c
090
_c
13535
_d
13535
942
_a
NUST-CAE
_c
M
_c
3931
999
_c
253314
_d
253314